| LEADER | 01001nam a2200241 a 4500 | ||
|---|---|---|---|
| 001 | GR-MES2793 | ||
| 008 | 991111s1973 gr 000 0 gre d | ||
| 040 | |a GrPaTEI |b gre |c GR-PaULI | ||
| 245 | 0 | 0 | |a Αποτίμησις και έλεγχος των αποθεμάτων. |
| 260 | |a Αθήναι : |b Πάμισος, |c 1973 | ||
| 300 | |a 159σελ. : |b πιν. | ||
| 490 | 1 | |a Εγκυκλοπαίδεια της επιχείρησης ; |v 17 | |
| 650 | 4 | |a ΑΠΟΘΕΜΑΤΑ | |
| 650 | 4 | |a Οικονομία | |
| 650 | 4 | |a Παραγωγή | |
| 650 | 4 | |a ΤΙΜΕΣ | |
| 700 | 1 | |a Fouillet, H. | |
| 710 | 0 | |a Πάμισος | |
| 830 | 0 | |1 0015534 |1 2001 |a Mountain flora of Greece : Edited by: Arne Strid and Kit Tan |h v.2 ; |v 17 | |
| 942 | |2 ddc | ||
| 952 | |0 0 |1 0 |2 ddc |4 0 |6 332_632000000000000_2_FOU |7 0 |9 267221 |a MSLG |b MSLG |c BSC |d 2021-01-17 |e 24 |f 0 |g 0.00 |l 0 |o 332.632 2 FOU |p 2420000001449 |r 2021-01-17 00:00:00 |t 1 |w 2021-01-17 |y BK15 |x 19991111 0 1 |x GrPaTEI | ||
| 971 | |a .b25738380 |b 15-04-20 |c 13-09-16 | ||
| 999 | |c 153835 |d 153835 | ||